[Event "DVM U20 2021"]
[Site "Kiel GER"]
[Date "2022.07.23"]
[Round "1"]
[White "Beetz, Ole"]
[Black "Bartelt, Max Peter"]
[Result "0-1"]
[Termination "normal"]
[Board "4.4"]
[WhiteElo "1601"]
[BlackElo "1915"]
[WhiteClock "00:19:29"]
[BlackClock "00:27:00"]
[WhiteTeam "Schachfreunde Essen-Katernberg 04/32 e. V."]
[BlackTeam "Schachfreunde Brackel 1930 e. V."]
[PlyCount "128"]
[WhiteFideId "34628339"]
[BlackFideId "12967289"]
[EventCountry "GER"]
[EventRounds "7"]
[EventType "team-swiss"]
[EventDate "2022.07.22"]

1. e4 {[%clk 01:30:51]} {[%emt 00:00:08]} e6 {[%clk 01:30:55]} {[%emt
00:00:05]} 2. d4 {[%clk 01:31:08]} {[%emt 00:00:13]} d5 {[%clk 01:31:21]}
{[%emt 00:00:04]} 3. Nd2 {[%clk 01:31:30]} {[%emt 00:00:08]} c5 {[%clk
01:31:45]} {[%emt 00:00:06]} 4. exd5 {[%clk 01:31:05]} {[%emt 00:00:56]} Qxd5
{[%clk 01:32:09]} {[%emt 00:00:05]} 5. Ngf3 {[%clk 01:30:46]} {[%emt 00:00:49]}
cxd4 {[%clk 01:32:25]} {[%emt 00:00:14]} 6. Bc4 {[%clk 01:30:06]} {[%emt
00:01:10]} Qd6 {[%clk 01:32:48]} {[%emt 00:00:06]} 7. O-O {[%clk 01:30:20]}
{[%emt 00:00:17]} Nf6 {[%clk 01:33:02]} {[%emt 00:00:17]} 8. Nb3 {[%clk
01:30:07]} {[%emt 00:00:43]} Nc6 {[%clk 01:33:26]} {[%emt 00:00:05]} 9. Nbxd4
{[%clk 01:29:57]} {[%emt 00:00:40]} Nxd4 {[%clk 01:33:47]} {[%emt 00:00:08]}
10. Nxd4 {[%clk 01:29:51]} {[%emt 00:00:36]} a6 {[%clk 01:34:11]} {[%emt
00:00:07]} 11. Re1 {[%clk 01:28:09]} {[%emt 00:02:13]} Qc7 {[%clk 01:34:01]}
{[%emt 00:00:39]} 12. Bb3 {[%clk 01:25:19]} {[%emt 00:03:20]} Bd6 {[%clk
01:34:23]} {[%emt 00:00:08]} 13. Nf3 {[%clk 01:20:52]} {[%emt 00:04:57]} Bd7
{[%clk 01:20:55]} {[%emt 00:13:57]} 14. Bd2 {[%clk 01:12:44]} {[%emt 00:08:39]}
Bc6 {[%clk 01:17:28]} {[%emt 00:03:57]} 15. h3 {[%clk 00:58:47]} {[%emt
00:14:27]} Rd8 {[%clk 01:15:35]} {[%emt 00:02:22]} 16. Kh1 {[%clk 00:49:12]}
{[%emt 00:10:06]} O-O {[%clk 00:50:40]} {[%emt 00:25:24]} 17. Qe2 {[%clk
00:44:04]} {[%emt 00:05:38]} b5 {[%clk 00:38:24]} {[%emt 00:12:46]} 18. Bg5
{[%clk 00:40:29]} {[%emt 00:04:05]} Bc5 {[%clk 00:22:40]} {[%emt 00:16:15]} 19.
Qe5 {[%clk 00:36:33]} {[%emt 00:04:25]} Qxe5 {[%clk 00:15:59]} {[%emt
00:07:12]} 20. Nxe5 {[%clk 00:36:07]} {[%emt 00:00:57]} Bb7 {[%clk 00:15:43]}
{[%emt 00:00:45]} 21. Nd3 {[%clk 00:29:52]} {[%emt 00:06:44]} Bd4 {[%clk
00:13:35]} {[%emt 00:02:39]} 22. Rad1 {[%clk 00:24:17]} {[%emt 00:06:05]} Bb6
{[%clk 00:09:42]} {[%emt 00:04:23]} 23. Kg1 {[%clk 00:23:00]} {[%emt 00:01:47]}
h6 {[%clk 00:06:52]} {[%emt 00:03:20]} 24. Be3 {[%clk 00:21:42]} {[%emt
00:01:48]} Bxe3 {[%clk 00:06:32]} {[%emt 00:00:50]} 25. Rxe3 {[%clk 00:21:56]}
{[%emt 00:00:16]} Rd6 {[%clk 00:06:31]} {[%emt 00:00:31]} 26. Rde1 {[%clk
00:16:11]} {[%emt 00:06:14]} Rfd8 {[%clk 00:05:55]} {[%emt 00:01:06]} 27. Nc5
{[%clk 00:15:51]} {[%emt 00:00:50]} Bd5 {[%clk 00:04:45]} {[%emt 00:01:40]} 28.
Bxd5 {[%clk 00:15:00]} {[%emt 00:01:20]} Nxd5 {[%clk 00:05:01]} {[%emt
00:00:16]} 29. Rd3 {[%clk 00:08:51]} {[%emt 00:06:39]} Rc6 {[%clk 00:03:15]}
{[%emt 00:02:15]} 30. b4 {[%clk 00:07:56]} {[%emt 00:01:26]} a5 {[%clk
00:03:05]} {[%emt 00:00:41]} 31. c3 {[%clk 00:07:10]} {[%emt 00:01:15]} axb4
{[%clk 00:03:30]} {[%emt 00:00:05]} 32. cxb4 {[%clk 00:06:58]} {[%emt
00:00:10]} Ra8 {[%clk 00:03:50]} {[%emt 00:00:40]} 33. a3 {[%clk 00:06:51]}
{[%emt 00:00:38]} Rc7 {[%clk 00:03:55]} {[%emt 00:00:25]} 34. Rb1 {[%clk
00:05:41]} {[%emt 00:01:42]} Rca7 {[%clk 00:03:45]} {[%emt 00:00:39]} 35. Rbb3
{[%clk 00:06:01]} {[%emt 00:00:09]} Nb6 {[%clk 00:02:50]} {[%emt 00:01:25]} 36.
Ne4 {[%clk 00:05:15]} {[%emt 00:01:17]} Nc4 {[%clk 00:02:51]} {[%emt 00:00:29]}
37. Nd6 {[%clk 00:04:38]} {[%emt 00:01:07]} Nxa3 {[%clk 00:02:04]} {[%emt
00:01:16]} 38. Rbc3 {[%clk 00:03:35]} {[%emt 00:01:34]} Rd7 {[%clk 00:01:19]}
{[%emt 00:01:15]} 39. Rxa3 {[%clk 00:02:21]} {[%emt 00:01:44]} Rxa3 {[%clk
00:01:44]} {[%emt 00:00:05]} 40. Rxa3 {[%clk 00:02:45]} {[%emt 00:00:05]} Rxd6
{[%clk 00:02:12]} {[%emt 00:00:03]} 41. Ra8+ {[%clk 00:02:30]} {[%emt
00:00:45]} Kh7 {[%clk 00:29:29]} {[%emt 00:03:13]} 42. Rb8 {[%clk 00:32:14]}
{[%emt 00:00:46]} Rd5 {[%clk 00:29:39]} {[%emt 00:00:20]} 43. Rb7 {[%clk
00:31:42]} {[%emt 00:01:02]} Kg6 {[%clk 00:29:49]} 44. g3 {[%clk 00:31:36]}
{[%emt 00:00:56]} f5 {[%clk 00:26:16]} 45. Kg2 {[%clk 00:30:59]} {[%emt
00:05:10]} Kf6 {[%clk 00:26:07]} {[%emt 00:00:38]} 46. h4 {[%clk 00:31:10]}
{[%emt 00:00:20]} g5 {[%clk 00:25:31]} {[%emt 00:01:06]} 47. Rh7 {[%clk
00:30:15]} {[%emt 00:01:25]} Kg6 {[%clk 00:25:04]} 48. Re7 {[%clk 00:30:36]}
{[%emt 00:01:05]} Re5 {[%clk 00:24:55]} 49. hxg5 {[%clk 00:27:20]} {[%emt
00:04:27]} hxg5 {[%clk 00:25:14]} 50. Rb7 {[%clk 00:26:14]} {[%emt 00:01:46]}
g4 {[%clk 00:24:34]} 51. Rb8 {[%clk 00:25:55]} {[%emt 00:01:58]} Kf6 {[%clk
00:24:44]} {[%emt 00:00:20]} 52. Rb7 {[%clk 00:25:32]} {[%emt 00:00:53]} Rd5
{[%clk 00:24:38]} {[%emt 00:00:37]} 53. Rb6 {[%clk 00:24:37]} {[%emt 00:01:25]}
Ke5 {[%clk 00:24:32]} {[%emt 00:00:35]} 54. Kf1 {[%clk 00:24:36]} {[%emt
00:00:32]} Kd4 {[%clk 00:24:27]} {[%emt 00:00:35]} 55. Rxe6 {[%clk 00:23:55]}
{[%emt 00:01:11]} Kc3 {[%clk 00:24:41]} {[%emt 00:00:16]} 56. Ke2 {[%clk
00:22:43]} {[%emt 00:01:41]} Kxb4 {[%clk 00:25:05]} 57. f3 {[%clk 00:22:26]}
{[%emt 00:00:54]} gxf3+ {[%clk 00:25:31]} 58. Kxf3 {[%clk 00:22:49]} {[%emt
00:00:11]} Kc3 {[%clk 00:25:35]} {[%emt 00:00:25]} 59. Ke3 {[%clk 00:22:16]}
{[%emt 00:01:04]} b4 {[%clk 00:25:33]} {[%emt 00:00:31]} 60. Ke2 {[%clk
00:20:19]} {[%emt 00:02:28]} b3 {[%clk 00:25:31]} {[%emt 00:00:31]} 61. Rc6+
{[%clk 00:18:59]} {[%emt 00:01:50]} Kb4 {[%clk 00:25:48]} 62. Rb6+ {[%clk
00:19:05]} {[%emt 00:00:38]} Rb5 {[%clk 00:26:11]} 63. Rxb5+ {[%clk 00:19:03]}
{[%emt 00:00:38]} Kxb5 {[%clk 00:26:37]} {[%emt 00:00:04]} 64. Kd3 {[%clk
00:19:29]} {[%emt 00:00:05]} Ka4 {[%clk 00:27:00]} {[%emt 00:00:06]} 0-1

[Event "DVM U20 2021"]
[Site "Kiel GER"]
[Date "2022.07.23"]
[Round "1"]
[White "Skabs, Denis"]
[Black "Otterpohl, Isabel"]
[Result "1-0"]
[Termination "normal"]
[Board "4.5"]
[WhiteElo "1949"]
[BlackElo "1632"]
[WhiteClock "00:11:05"]
[BlackClock "00:16:15"]
[WhiteTeam "Schachfreunde Brackel 1930 e. V."]
[BlackTeam "Schachfreunde Essen-Katernberg 04/32 e. V."]
[PlyCount "55"]
[WhiteFideId "16248449"]
[BlackFideId "12999180"]
[EventCountry "GER"]
[EventRounds "7"]
[EventType "team-swiss"]
[EventDate "2022.07.22"]

1. e4 {[%clk 01:30:56]} {[%emt 00:00:04]} e5 {[%clk 01:30:56]} {[%emt
00:00:04]} 2. Nf3 {[%clk 01:31:21]} {[%emt 00:00:05]} Nc6 {[%clk 01:31:22]}
{[%emt 00:00:04]} 3. Nc3 {[%clk 01:31:44]} {[%emt 00:00:07]} Nf6 {[%clk
01:31:43]} {[%emt 00:00:09]} 4. d4 {[%clk 01:32:08]} {[%emt 00:00:06]} exd4
{[%clk 01:32:06]} {[%emt 00:00:07]} 5. Nd5 {[%clk 01:32:18]} {[%emt 00:00:21]}
h6 {[%clk 01:28:40]} {[%emt 00:03:56]} 6. Bf4 {[%clk 01:04:47]} {[%emt
00:27:59]} d6 {[%clk 01:16:16]} {[%emt 00:12:55]} 7. Nxd4 {[%clk 00:59:11]}
{[%emt 00:06:07]} Ne5 {[%clk 00:59:15]} {[%emt 00:17:31]} 8. Nb5 {[%clk
00:42:53]} {[%emt 00:16:47]} Nxd5 {[%clk 00:57:45]} {[%emt 00:02:00]} 9. exd5
{[%clk 00:42:21]} {[%emt 00:01:02]} Be7 {[%clk 00:55:42]} {[%emt 00:02:34]} 10.
Qd2 {[%clk 00:35:52]} {[%emt 00:06:58]} O-O {[%clk 00:54:50]} {[%emt 00:01:22]}
11. Nd4 {[%clk 00:30:00]} {[%emt 00:06:22]} Bd7 {[%clk 00:43:39]} {[%emt
00:11:41]} 12. O-O-O {[%clk 00:27:58]} {[%emt 00:02:32]} c6 {[%clk 00:41:59]}
{[%emt 00:02:10]} 13. dxc6 {[%clk 00:26:10]} {[%emt 00:02:18]} bxc6 {[%clk
00:40:08]} {[%emt 00:02:21]} 14. Nf3 {[%clk 00:12:39]} {[%emt 00:14:00]} Ng6
{[%clk 00:37:08]} {[%emt 00:03:31]} 15. Bxd6 {[%clk 00:12:30]} {[%emt
00:00:40]} Bxd6 {[%clk 00:37:26]} {[%emt 00:00:11]} 16. Qxd6 {[%clk 00:12:50]}
{[%emt 00:00:10]} Be6 {[%clk 00:30:42]} {[%emt 00:07:14]} 17. Qxd8 {[%clk
00:12:26]} {[%emt 00:00:53]} Rfxd8 {[%clk 00:31:01]} {[%emt 00:00:12]} 18. Bd3
{[%clk 00:10:52]} {[%emt 00:02:04]} Nf4 {[%clk 00:29:26]} {[%emt 00:02:05]} 19.
Be4 {[%clk 00:09:50]} {[%emt 00:01:31]} Bd5 {[%clk 00:19:29]} {[%emt 00:10:28]}
20. Bxd5 {[%clk 00:09:49]} {[%emt 00:00:31]} Nxd5 {[%clk 00:18:59]} {[%emt
00:01:00]} 21. Ne5 {[%clk 00:09:39]} {[%emt 00:00:40]} c5 {[%clk 00:17:19]}
{[%emt 00:02:10]} 22. Nc6 {[%clk 00:09:23]} {[%emt 00:00:46]} Rd6 {[%clk
00:16:42]} {[%emt 00:01:06]} 23. Ne7+ {[%clk 00:09:45]} {[%emt 00:00:10]} Kf8
{[%clk 00:16:32]} {[%emt 00:00:39]} 24. Nxd5 {[%clk 00:10:05]} {[%emt
00:00:10]} Re8 {[%clk 00:15:33]} {[%emt 00:01:29]} 25. Nc7 {[%clk 00:09:48]}
{[%emt 00:00:46]} Rxd1+ {[%clk 00:15:56]} {[%emt 00:00:08]} 26. Rxd1 {[%clk
00:10:14]} {[%emt 00:00:05]} Re2 {[%clk 00:15:49]} {[%emt 00:00:35]} 27. Rd8+
{[%clk 00:10:39]} {[%emt 00:00:06]} Ke7 {[%clk 00:16:15]} {[%emt 00:00:04]} 28.
Re8+ {[%clk 00:11:05]} {[%emt 00:00:04]} 1-0

[Event "DVM U20 2021"]
[Site "Kiel GER"]
[Date "2022.07.23"]
[Round "1"]
[White "Lüersen, Lukas"]
[Black "Seref, Erdogan"]
[Result "0-1"]
[Termination "normal"]
[Board "4.6"]
[WhiteElo "1225"]
[BlackElo "1992"]
[WhiteClock "01:02:47"]
[BlackClock "00:01:56"]
[WhiteTeam "Schachfreunde Essen-Katernberg 04/32 e. V."]
[BlackTeam "Schachfreunde Brackel 1930 e. V."]
[PlyCount "82"]
[WhiteFideId "34628371"]
[BlackFideId "16206827"]
[EventCountry "GER"]
[EventRounds "7"]
[EventType "team-swiss"]
[EventDate "2022.07.22"]

1. e4 {[%clk 01:30:57]} {[%emt 00:00:03]} e5 {[%clk 01:30:48]} {[%emt
00:00:12]} 2. d4 {[%clk 01:31:22]} {[%emt 00:00:05]} exd4 {[%clk 01:30:53]}
{[%emt 00:00:25]} 3. Nf3 {[%clk 01:31:42]} {[%emt 00:00:10]} Nc6 {[%clk
01:31:08]} {[%emt 00:00:14]} 4. Bc4 {[%clk 01:31:59]} {[%emt 00:00:13]} Bb4+
{[%clk 01:27:16]} {[%emt 00:04:23]} 5. c3 {[%clk 01:31:10]} {[%emt 00:01:19]}
dxc3 {[%clk 01:25:25]} {[%emt 00:02:20]} 6. O-O {[%clk 01:31:25]} {[%emt
00:00:16]} Qf6 {[%clk 01:13:54]} {[%emt 00:12:00]} 7. e5 {[%clk 01:22:02]}
{[%emt 00:09:53]} Qg6 {[%clk 01:01:22]} {[%emt 00:13:02]} 8. Nxc3 {[%clk
01:20:31]} {[%emt 00:02:02]} Nge7 {[%clk 00:56:15]} {[%emt 00:05:36]} 9. Nh4
{[%clk 01:15:30]} {[%emt 00:05:31]} Nxe5 {[%clk 00:39:02]} {[%emt 00:17:44]}
10. Nxg6 {[%clk 01:15:30]} {[%emt 00:00:30]} hxg6 {[%clk 00:39:10]} {[%emt
00:00:21]} 11. Qb3 {[%clk 01:14:16]} {[%emt 00:01:43]} Nxc4 {[%clk 00:36:05]}
{[%emt 00:03:35]} 12. Qxc4 {[%clk 01:14:17]} {[%emt 00:00:30]} Bd6 {[%clk
00:36:12]} {[%emt 00:00:23]} 13. h3 {[%clk 01:13:48]} {[%emt 00:01:00]} O-O
{[%clk 00:33:20]} {[%emt 00:03:21]} 14. Bf4 {[%clk 01:13:03]} {[%emt 00:01:15]}
Bxf4 {[%clk 00:32:10]} {[%emt 00:01:40]} 15. Qxf4 {[%clk 01:13:27]} {[%emt
00:00:07]} c6 {[%clk 00:32:02]} {[%emt 00:00:36]} 16. Rfe1 {[%clk 01:13:15]}
{[%emt 00:00:43]} Nf5 {[%clk 00:31:10]} {[%emt 00:01:22]} 17. Ne4 {[%clk
01:12:53]} {[%emt 00:00:51]} d5 {[%clk 00:29:23]} {[%emt 00:02:17]} 18. Nd6
{[%clk 01:12:56]} {[%emt 00:00:28]} Nxd6 {[%clk 00:28:59]} {[%emt 00:00:55]}
19. Qxd6 {[%clk 01:13:08]} {[%emt 00:00:17]} Be6 {[%clk 00:29:12]} {[%emt
00:00:17]} 20. b4 {[%clk 01:10:14]} {[%emt 00:03:24]} Rfd8 {[%clk 00:28:43]}
{[%emt 00:00:59]} 21. Qg3 {[%clk 01:10:25]} {[%emt 00:00:20]} d4 {[%clk
00:23:06]} {[%emt 00:06:06]} 22. Red1 {[%clk 01:09:50]} {[%emt 00:01:05]} Rd7
{[%clk 00:22:35]} {[%emt 00:01:00]} 23. Rd2 {[%clk 01:10:05]} {[%emt 00:00:16]}
Bc4 {[%clk 00:21:26]} {[%emt 00:01:38]} 24. Qf4 {[%clk 01:09:23]} {[%emt
00:01:13]} Re8 {[%clk 00:15:46]} {[%emt 00:06:10]} 25. Rxd4 {[%clk 01:09:01]}
{[%emt 00:00:52]} Bd5 {[%clk 00:15:58]} {[%emt 00:00:18]} 26. Rdd1 {[%clk
01:08:30]} {[%emt 00:01:00]} Rde7 {[%clk 00:15:56]} {[%emt 00:00:32]} 27. Qd2
{[%clk 01:08:32]} {[%emt 00:00:28]} Re2 {[%clk 00:12:30]} {[%emt 00:03:57]} 28.
Qc3 {[%clk 01:08:06]} {[%emt 00:00:56]} R2e7 {[%clk 00:12:12]} {[%emt
00:00:48]} 29. Re1 {[%clk 01:08:19]} {[%emt 00:00:18]} Be6 {[%clk 00:12:34]}
{[%emt 00:00:08]} 30. Rad1 {[%clk 01:08:12]} {[%emt 00:00:37]} Rc7 {[%clk
00:10:31]} {[%emt 00:02:32]} 31. Rd6 {[%clk 01:07:41]} {[%emt 00:01:01]} Rec8
{[%clk 00:10:13]} {[%emt 00:00:48]} 32. Rdxe6 {[%clk 01:06:13]} {[%emt
00:01:59]} fxe6 {[%clk 00:10:15]} {[%emt 00:00:28]} 33. Rxe6 {[%clk 01:06:35]}
{[%emt 00:00:08]} Rd7 {[%clk 00:09:11]} {[%emt 00:01:34]} 34. Rxg6 {[%clk
01:06:32]} {[%emt 00:00:33]} Rcd8 {[%clk 00:07:50]} {[%emt 00:01:50]} 35. Qc4+
{[%clk 01:06:27]} {[%emt 00:00:36]} Rd5 {[%clk 00:08:08]} {[%emt 00:00:12]} 36.
Qg4 {[%clk 01:06:33]} {[%emt 00:00:23]} R8d7 {[%clk 00:08:07]} {[%emt
00:00:31]} 37. h4 {[%clk 01:06:12]} {[%emt 00:00:52]} Rd4 {[%clk 00:07:58]}
{[%emt 00:00:38]} 38. Qe6+ {[%clk 01:06:04]} {[%emt 00:00:38]} Kf8 {[%clk
00:07:13]} {[%emt 00:01:15]} 39. Rg5 {[%clk 01:05:41]} {[%emt 00:00:53]} Re7
{[%clk 00:05:28]} {[%emt 00:02:15]} 40. Qg6 {[%clk 01:03:34]} {[%emt 00:02:36]}
Rxh4 {[%clk 00:03:19]} {[%emt 00:02:41]} 41. Rh5 {[%clk 01:02:47]} {[%emt
00:01:16]} Re1# {[%clk 00:01:56]} {[%emt 00:01:54]} 0-1

[Event "DVM U20 2021"]
[Site "Kiel GER"]
[Date "2022.07.23"]
[Round "1"]
[White "Goldbeck, Lars"]
[Black "Stelmaszyk, Nico"]
[Result "0-1"]
[Termination "normal"]
[Board "5.1"]
[WhiteTitle "FM"]
[BlackTitle "FM"]
[WhiteElo "2228"]
[BlackElo "2287"]
[WhiteClock "00:03:13"]
[BlackClock "00:03:16"]
[WhiteTeam "SC Bavaria Regensburg von 1881 e.V."]
[BlackTeam "SK Lehrte von 1919 e. V."]
[PlyCount "130"]
[WhiteFideId "16208188"]
[BlackFideId "16200462"]
[EventCountry "GER"]
[EventRounds "7"]
[EventType "team-swiss"]
[EventDate "2022.07.22"]

1. d4 {[%clk 01:30:54]} {[%emt 00:00:04]} d5 {[%clk 01:30:47]} {[%emt
00:00:15]} 2. c4 {[%clk 01:31:20]} {[%emt 00:00:04]} e6 {[%clk 01:31:13]}
{[%emt 00:00:04]} 3. Nf3 {[%clk 01:31:46]} {[%emt 00:00:03]} Nf6 {[%clk
01:31:38]} {[%emt 00:00:05]} 4. g3 {[%clk 01:30:31]} {[%emt 00:01:45]} Be7
{[%clk 01:32:01]} {[%emt 00:00:08]} 5. Bg2 {[%clk 01:30:52]} {[%emt 00:00:08]}
O-O {[%clk 01:32:24]} {[%emt 00:00:06]} 6. Qc2 {[%clk 01:30:37]} {[%emt
00:00:46]} dxc4 {[%clk 01:31:40]} {[%emt 00:01:14]} 7. Qxc4 {[%clk 01:30:04]}
{[%emt 00:01:03]} a6 {[%clk 01:29:10]} {[%emt 00:03:01]} 8. Qc2 {[%clk
01:21:31]} {[%emt 00:09:02]} b5 {[%clk 01:19:50]} {[%emt 00:09:49]} 9. Bg5
{[%clk 01:14:28]} {[%emt 00:07:33]} Bb7 {[%clk 01:17:44]} {[%emt 00:02:36]} 10.
Bxf6 {[%clk 01:09:36]} {[%emt 00:05:22]} Bxf6 {[%clk 01:17:52]} {[%emt
00:00:22]} 11. Ng5 {[%clk 01:03:52]} {[%emt 00:06:14]} Bxg5 {[%clk 01:18:12]}
{[%emt 00:00:09]} 12. Bxb7 {[%clk 01:04:19]} {[%emt 00:00:02]} Ra7 {[%clk
01:18:15]} {[%emt 00:00:28]} 13. Be4 {[%clk 01:04:36]} {[%emt 00:00:13]} Qxd4
{[%clk 01:16:50]} {[%emt 00:01:55]} 14. Bxh7+ {[%clk 00:59:14]} {[%emt
00:05:53]} Kh8 {[%clk 01:17:15]} {[%emt 00:00:05]} 15. Be4 {[%clk 00:55:18]}
{[%emt 00:04:26]} c5 {[%clk 01:10:01]} {[%emt 00:07:44]} 16. O-O {[%clk
00:53:50]} {[%emt 00:01:59]} Rd7 {[%clk 01:02:39]} {[%emt 00:07:51]} 17. Nc3
{[%clk 00:46:12]} {[%emt 00:08:07]} Qd2 {[%clk 00:55:13]} {[%emt 00:07:56]} 18.
Qb1 {[%clk 00:43:51]} {[%emt 00:02:52]} Bf6 {[%clk 00:52:27]} {[%emt 00:03:16]}
19. Rd1 {[%clk 00:42:55]} {[%emt 00:01:27]} Qh6 {[%clk 00:51:21]} {[%emt
00:01:35]} 20. Qc2 {[%clk 00:41:36]} {[%emt 00:01:50]} Rc7 {[%clk 00:32:03]}
{[%emt 00:19:48]} 21. e3 {[%clk 00:37:49]} {[%emt 00:04:17]} c4 {[%clk
00:27:20]} {[%emt 00:05:12]} 22. Rac1 {[%clk 00:22:13]} {[%emt 00:16:06]} Nd7
{[%clk 00:25:03]} {[%emt 00:02:48]} 23. Qe2 {[%clk 00:21:55]} {[%emt 00:00:48]}
Nc5 {[%clk 00:21:27]} {[%emt 00:04:06]} 24. Bb1 {[%clk 00:22:17]} {[%emt
00:00:08]} g6 {[%clk 00:16:56]} {[%emt 00:05:01]} 25. Ne4 {[%clk 00:17:03]}
{[%emt 00:05:44]} Nxe4 {[%clk 00:16:43]} {[%emt 00:00:43]} 26. Bxe4 {[%clk
00:17:31]} {[%emt 00:00:03]} Qg5 {[%clk 00:15:23]} {[%emt 00:01:49]} 27. b3
{[%clk 00:13:50]} {[%emt 00:04:12]} Rfc8 {[%clk 00:11:27]} {[%emt 00:04:26]}
28. bxc4 {[%clk 00:13:24]} {[%emt 00:00:57]} bxc4 {[%clk 00:11:46]} {[%emt
00:00:11]} 29. Rb1 {[%clk 00:10:24]} {[%emt 00:03:30]} Qa5 {[%clk 00:09:54]}
{[%emt 00:02:21]} 30. h4 {[%clk 00:06:18]} {[%emt 00:04:36]} Kg7 {[%clk
00:07:56]} {[%emt 00:02:28]} 31. Kg2 {[%clk 00:05:45]} {[%emt 00:01:03]} c3
{[%clk 00:07:40]} {[%emt 00:00:46]} 32. Bc2 {[%clk 00:05:05]} {[%emt 00:01:09]}
Qc5 {[%clk 00:04:23]} {[%emt 00:03:47]} 33. Qf3 {[%clk 00:03:03]} {[%emt
00:02:33]} Qc6 {[%clk 00:03:53]} {[%emt 00:01:00]} 34. Be4 {[%clk 00:02:26]}
{[%emt 00:01:08]} Qa4 {[%clk 00:03:47]} {[%emt 00:00:36]} 35. h5 {[%clk
00:02:34]} {[%emt 00:00:22]} gxh5 {[%clk 00:03:14]} {[%emt 00:01:02]} 36. Rbc1
{[%clk 00:02:01]} {[%emt 00:01:04]} c2 {[%clk 00:03:01]} {[%emt 00:00:43]} 37.
Rh1 {[%clk 00:01:58]} {[%emt 00:00:33]} h4 {[%clk 00:01:25]} {[%emt 00:02:07]}
38. Qg4+ {[%clk 00:00:36]} {[%emt 00:01:52]} Kf8 {[%clk 00:01:42]} {[%emt
00:00:12]} 39. Rxh4 {[%clk 00:00:38]} {[%emt 00:00:28]} Bxh4 {[%clk 00:01:20]}
{[%emt 00:00:52]} 40. Qxh4 {[%clk 00:01:04]} {[%emt 00:00:04]} Rc4 {[%clk
00:00:39]} {[%emt 00:01:10]} 41. Qf6 {[%clk 00:26:28]} {[%emt 00:05:06]} Ke8
{[%clk 00:22:42]} {[%emt 00:08:28]} 42. Rh1 {[%clk 00:21:00]} {[%emt 00:05:57]}
c1=Q {[%clk 00:18:32]} {[%emt 00:04:40]} 43. Rh8+ {[%clk 00:21:24]} {[%emt
00:00:06]} Kd7 {[%clk 00:18:58]} {[%emt 00:00:05]} 44. Qxf7+ {[%clk 00:21:44]}
{[%emt 00:00:10]} Kd6 {[%clk 00:19:24]} {[%emt 00:00:04]} 45. Qf4+ {[%clk
00:22:04]} {[%emt 00:00:10]} Kc5 {[%clk 00:18:21]} {[%emt 00:01:33]} 46. Rxc8+
{[%clk 00:21:53]} {[%emt 00:00:41]} Kb4 {[%clk 00:15:42]} {[%emt 00:03:09]} 47.
Qd6+ {[%clk 00:18:15]} {[%emt 00:04:07]} Rc5 {[%clk 00:06:46]} {[%emt
00:09:26]} 48. Qd4+ {[%clk 00:07:23]} {[%emt 00:11:22]} Qc4 {[%clk 00:05:07]}
{[%emt 00:02:10]} 49. Qb2+ {[%clk 00:05:14]} {[%emt 00:02:39]} Ka5 {[%clk
00:04:08]} {[%emt 00:01:29]} 50. Qd2+ {[%clk 00:05:33]} {[%emt 00:00:11]} Qab4
{[%clk 00:04:11]} {[%emt 00:00:27]} 51. Qd8+ {[%clk 00:05:54]} {[%emt
00:00:10]} Qb6 {[%clk 00:03:54]} {[%emt 00:00:47]} 52. Qd2+ {[%clk 00:06:12]}
{[%emt 00:00:12]} Qcb4 {[%clk 00:04:15]} {[%emt 00:00:09]} 53. Rxc5+ {[%clk
00:06:01]} {[%emt 00:00:41]} Q6xc5 {[%clk 00:04:40]} {[%emt 00:00:05]} 54. Qd8+
{[%clk 00:06:26]} {[%emt 00:00:05]} Ka4 {[%clk 00:03:57]} {[%emt 00:01:12]} 55.
Qd7+ {[%clk 00:06:04]} {[%emt 00:00:53]} Ka3 {[%clk 00:03:08]} {[%emt
00:01:19]} 56. Qxe6 {[%clk 00:05:58]} {[%emt 00:00:36]} a5 {[%clk 00:02:58]}
{[%emt 00:00:40]} 57. Bf3 {[%clk 00:02:35]} {[%emt 00:03:53]} Qbc4 {[%clk
00:03:10]} {[%emt 00:00:18]} 58. Qd7 {[%clk 00:02:48]} {[%emt 00:00:16]} Kxa2
{[%clk 00:02:42]} {[%emt 00:00:58]} 59. g4 {[%clk 00:02:16]} {[%emt 00:01:02]}
a4 {[%clk 00:02:31]} {[%emt 00:00:41]} 60. Qb7 {[%clk 00:02:12]} {[%emt
00:00:33]} Q5b5 {[%clk 00:02:33]} {[%emt 00:00:28]} 61. Qe7 {[%clk 00:02:06]}
{[%emt 00:00:37]} Qf1 {[%clk 00:02:46]} {[%emt 00:00:16]} 62. Kg3 {[%clk
00:02:26]} {[%emt 00:00:10]} Qb8+ {[%clk 00:02:21]} {[%emt 00:00:56]} 63. Kh4
{[%clk 00:02:51]} {[%emt 00:00:05]} Qxf2+ {[%clk 00:02:46]} {[%emt 00:00:04]}
64. Kg5 {[%clk 00:02:56]} {[%emt 00:00:24]} Qxf3 {[%clk 00:02:52]} {[%emt
00:00:25]} 65. Qf7+ {[%clk 00:03:13]} {[%emt 00:00:13]} Qxf7 {[%clk 00:03:16]}
{[%emt 00:00:06]} 0-1